Pokémon de type Normal - Mort subite images - Statistiques

Statistiques générales
  • Ce quiz a été pris 26 fois
  • Le résultat moyen est 5 sur 12
Answers on the Grid
Answers color-coded by a green-red scale on the quiz's grid according to % correct below.
Azurill-RS.png
Nounourson-SL.png
Zoroark_de_Hisui-LPA.png
Dra%C3%AFeul-SL.png
Galvaran-XY.png
Toudoudou-RFVF.png
H%C3%A9lionceau-XY.png
Gribouraigne-EV.png
Girafarig-HGSS.png
Tylton-RS.png
Bazoucan-SL.png
Ixon-EB.png
Togepi-RFVF.png
Snubbull-HGSS.png
Granbull-HGSS.png
Altaria-RS.png
Osselait-RFVF.png
Ningale-RS.png
Nidoran%E2%99%82-RFVF.png
Zarbi_F-RFVF.png
Emolga-NB.png
Polarhume-NB.png
Ins%C3%A9cateur-RFVF.png
Vostourno-NB.png
 
Statistiques - réponses
Réponse % Correct
Nounourson-SL.png
60%
Girafarig-HGSS.png
60%
H%C3%A9lionceau-XY.png
50%
Galvaran-XY.png
50%
Bazoucan-SL.png
45%
Ixon-EB.png
45%
Zoroark_de_Hisui-LPA.png
45%
Dra%C3%AFeul-SL.png
45%
Toudoudou-RFVF.png
40%
Tylton-RS.png
40%
Gribouraigne-EV.png
35%
Azurill-RS.png
30%
Aucun quiz correspondant
Distribution des résultats
% des personnes avec chaque résultat
Percentile par nombre de réponses
Votre historique - résultats
Vous n’avez pas pris ce quiz